[Event "ARG-ch sf 94th"]
[Site "Buenos Aires"]
[Date "2019.04.06"]
[Round "8"]
[White "Bielicki, Carlos"]
[Black "Kapitanchuk, Tomas"]
[Result "0-1"]
[WhiteElo "2149"]
[BlackElo "2251"]
[PlyCount "92"]
[EventDate "2019.03.30"]
[EventType "swiss"]
[EventRounds "9"]
[EventCountry "ARG"]
[SourceTitle "CBM 189 Extra"]
[Source "ChessBase"]
[SourceDate "2019.05.31"]
[SourceVersion "1"]
[SourceVersionDate "2019.05.31"]
[SourceQuality "1"]

1. Nf3 Nf6 2. c4 e6 3. g3 d5 4. Bg2 Be7 5. 0-0 0-0 6. d4 b6 7. Nc3 Bb7 8. Ne5 Nbd7 9. Qa4 Nxe5 10. dxe5 Ne4 11. cxd5 Nxc3 12. bxc3 Bxd5 13. Rd1 Qe8 14. Qxe8 Rfxe8 15. Bxd5 exd5 16. Rxd5 c6 17. Rd3 Bc5 18. Bf4 g5 19. Bxg5 Rxe5 20. Be3 Bxe3 21. fxe3 Rae8 22. Kf2 R8e6 23. g4 c5 24. Re1 Rf6+ 25. Kg2 Rg5 26. h3 h5 27. Rf1 Rxf1 28. Kxf1 hxg4 29. hxg4 Rxg4 30. Kf2 Ra4 31. Rd2 Kg7 32. Kf3 f5 33. Rc2 Kf6 34. Kf2 Ke5 35. Ke1 Ke4 36. Kd2 b5 37. Rb2 a6 38. Rc2 Ra3 39. Rb2 c4 40. Rc2 a5 41. Kc1 Kxe3 42. Kb2 Ra4 43. a3 f4 44. Ka2 b4 45. Kb2 Rxa3 46. cxb4 Rb3+ 0-1

[Event "ARG-ch sf 94th"]
[Site "Buenos Aires"]
[Date "2019.04.03"]
[Round "5"]
[White "Belmes, Martin"]
[Black "Bielicki, Carlos"]
[Result "0-1"]
[WhiteElo "2072"]
[BlackElo "2149"]
[PlyCount "118"]
[EventDate "2019.03.30"]
[EventType "swiss"]
[EventRounds "9"]
[EventCountry "ARG"]
[SourceTitle "CBM 189 Extra"]
[Source "ChessBase"]
[SourceDate "2019.05.31"]
[SourceVersion "1"]
[SourceVersionDate "2019.05.31"]
[SourceQuality "1"]

1. e4 e5 2. Nf3 Nc6 3. Bb5 a6 4. Ba4 Nf6 5. d3 d6 6. c3 Bd7 7. 0-0 g6 8. Nbd2 Bg7 9. Re1 0-0 10. Nf1 h6 11. Bd2 Kh7 12. Ng3 b5 13. Bc2 Re8 14. a4 Qe7 15. Qe2 b4 16. cxb4 Reb8 17. b5 axb5 18. b3 b4 19. Rab1 Bg4 20. Be3 Nd7 21. h3 Bxf3 22. Qxf3 Nf8 23. Rbc1 Ne6 24. Ne2 Bf6 25. Bb1 Na5 26. Bc2 c5 27. Ng3 Rf8 28. Nf1 Nd4 29. Bxd4 cxd4 30. Nd2 Bg5 31. Nc4 Bxc1 32. Rxc1 Nxc4 33. dxc4 Kg7 34. Qe2 Qg5 35. Re1 h5 36. Rd1 Qd8 37. Qe1 Rb8 38. Ra1 Qb6 39. Bd3 Rfe8 40. Kh1 Qc7 41. Rc1 Qe7 42. Rc2 Rec8 43. Qe2 Rc5 44. Qd2 Qf6 45. Qe1 Qf4 46. f3 g5 47. Qf2 g4 48. fxg4 hxg4 49. g3 Qxf2 50. Rxf2 gxh3 51. Kh2 Rh8 52. Rf1 Rh6 53. Rf5 Rf6 54. Kxh3 Rxf5 55. exf5 e4 56. Bxe4 Re5 57. Bc2 Re2 58. Bb1 Rb2 59. Be4 Rxb3 0-1

[Event "Buenos Aires Szmetan Giardelli op"]
[Site "Buenos Aires"]
[Date "2018.12.10"]
[Round "7"]
[White "Bielicki, Carlos"]
[Black "Della Morte, German"]
[Result "0-1"]
[WhiteElo "2194"]
[BlackElo "2356"]
[PlyCount "70"]
[EventDate "2018.12.04"]
[EventType "swiss"]
[EventRounds "9"]
[EventCountry "ARG"]
[SourceTitle "CBM 187 Extra"]
[Source "ChessBase"]
[SourceDate "2018.11.04"]
[SourceVersion "1"]
[SourceVersionDate "2018.11.04"]
[SourceQuality "1"]

1. Nf3 Nf6 2. c4 g6 3. g3 Bg7 4. Bg2 0-0 5. 0-0 d6 6. d4 Nbd7 7. Nc3 e5 8. e4 exd4 9. Nxd4 Re8 10. h3 a6 11. Re1 Rb8 12. Rb1 Ne5 13. b3 c5 14. Nc2 Nc6 15. Bd2 b5 16. cxb5 axb5 17. b4 c4 18. f4 Be6 19. Kh2 Qc7 20. Qf3 Ne7 21. Rbd1 d5 22. exd5 Nfxd5 23. Nxd5 Bxd5 24. Qf2 c3 25. Be3 Bxa2 26. Ba7 Rbc8 27. Bb6 Qc4 28. Re4 Qb3 29. Rde1 Bb1 30. R4e2 Bxc2 31. Rxc2 Qxb4 32. Bb7 Rb8 33. Bc5 Qc4 34. Re4 Qd3 35. Re3 Qd7 0-1

[Event "Buenos Aires Szmetan Giardelli op"]
[Site "Buenos Aires"]
[Date "2018.12.08"]
[Round "5"]
[White "Bielicki, Carlos"]
[Black "Maggiolo, Elisa"]
[Result "1-0"]
[WhiteElo "2194"]
[BlackElo "1987"]
[PlyCount "107"]
[EventDate "2018.12.04"]
[EventType "swiss"]
[EventRounds "9"]
[EventCountry "ARG"]
[SourceTitle "CBM 187 Extra"]
[Source "ChessBase"]
[SourceDate "2018.11.04"]
[SourceVersion "1"]
[SourceVersionDate "2018.11.04"]
[SourceQuality "1"]

1. Nf3 Nf6 2. g3 g6 3. Bg2 Bg7 4. 0-0 0-0 5. c4 c6 6. d4 d5 7. cxd5 cxd5 8. Nc3 Ne4 9. Qb3 Nc6 10. Rd1 Na5 11. Qb4 Bg4 12. h3 Bxf3 13. Bxf3 Rc8 14. Nxe4 dxe4 15. Bxe4 Rc4 16. Qe1 Rxd4 17. Be3 Rxd1 18. Rxd1 Qc7 19. b3 Nc6 20. Rc1 Qd7 21. Bxc6 bxc6 22. Kh2 Rd8 23. Qb4 h5 24. Qc4 Bd4 25. Bxd4 Qxd4 26. Qxd4 Rxd4 27. Rc2 Rd6 28. Kg2 Kg7 29. e3 Kf6 30. Rc4 e6 31. e4 Rd2 32. Ra4 Rd7 33. Kf3 e5 34. Ra6 Rc7 35. Ke3 Ke6 36. f4 f6 37. b4 Kd7 38. h4 Kc8 39. Ra5 exf4+ 40. gxf4 Kd7 41. Kd4 Kd6 42. e5+ fxe5+ 43. fxe5+ Ke6 44. Ke4 Rb7 45. a3 Rb5 46. Rxb5 cxb5 47. Kf4 Kd5 48. Kg5 Kxe5 49. Kxg6 Ke6 50. Kxh5 Kf5 51. Kh6 Kf6 52. h5 a6 53. Kh7 Kf7 54. h6 1-0

[Event "Buenos Aires Szmetan Giardelli op"]
[Site "Buenos Aires"]
[Date "2018.12.07"]
[Round "4"]
[White "Rasgido, Alejandro"]
[Black "Bielicki, Carlos"]
[Result "1/2-1/2"]
[WhiteElo "1890"]
[BlackElo "2194"]
[PlyCount "66"]
[EventDate "2018.12.04"]
[EventType "swiss"]
[EventRounds "9"]
[EventCountry "ARG"]
[SourceTitle "CBM 187 Extra"]
[Source "ChessBase"]
[SourceDate "2018.11.04"]
[SourceVersion "1"]
[SourceVersionDate "2018.11.04"]
[SourceQuality "1"]

1. d4 g6 2. c3 Nf6 3. Qc2 Bg7 4. e4 d6 5. Nf3 0-0 6. Be2 Nc6 7. 0-0 e5 8. dxe5 Nxe5 9. Nxe5 dxe5 10. b3 Nd7 11. Ba3 Re8 12. Nd2 Nb6 13. Nc4 Be6 14. Rad1 Qh4 15. Ne3 h5 16. g3 Qf6 17. h4 Bh6 18. Bc1 Bf8 19. Ng2 Bc5 20. Bg5 Qg7 21. Kh2 Kh7 22. Be3 Qf8 23. f4 exf4 24. Bxf4 c6 25. Ne3 Kg8 26. a4 a5 27. Bg5 Bd6 28. Ng2 Be5 29. Nf4 Qc5 30. Nxe6 Rxe6 31. Rd3 Qf8 32. Qd2 Bc7 33. Be3 Rae8 1/2-1/2

[Event "ARG-ch sf 93rd"]
[Site "Buenos Aires"]
[Date "2018.05.26"]
[Round "8"]
[White "Bielicki, Carlos"]
[Black "Echeguren, Martin"]
[Result "1/2-1/2"]
[WhiteElo "2225"]
[BlackElo "1935"]
[PlyCount "81"]
[EventDate "2018.05.19"]
[EventType "swiss"]
[EventRounds "9"]
[EventCountry "ARG"]
[SourceTitle "CBM 184 Extra"]
[Source "ChessBase"]
[SourceDate "2018.06.28"]
[SourceVersion "1"]
[SourceVersionDate "2018.06.28"]
[SourceQuality "1"]

1. d4 d5 2. c4 e6 3. Nc3 Nf6 4. cxd5 exd5 5. Bg5 c6 6. Qc2 Be7 7. e3 Nbd7 8. Bd3 Nh5 9. Bxe7 Qxe7 10. Nge2 g6 11. g4 Ng7 12. Nf4 Nb6 13. h3 Ne6 14. Nce2 Qb4+ 15. Qd2 Nxf4 16. Nxf4 Qxd2+ 17. Kxd2 Bd7 18. Rab1 Ke7 19. f3 Kd6 20. Ke2 Rae8 21. Kf2 h5 22. b3 Re7 23. Rbe1 Kc7 24. Reg1 hxg4 25. hxg4 Rhe8 26. Re1 Kd6 27. Nh3 Rh8 28. Ng5 Rxh1 29. Rxh1 Na8 30. Rh8 Nc7 31. Rf8 Ne6 32. Nxe6 Bxe6 33. Ra8 a6 34. b4 Rc7 35. Rh8 Rc8 36. Rh1 a5 37. a3 axb4 38. axb4 Ra8 39. Rc1 Ra2+ 40. Rc2 Rxc2+ 41. Bxc2 1/2-1/2

[Event "ARG-ch sf 92nd"]
[Site "Buenos Aires"]
[Date "2017.07.13"]
[Round "4"]
[White "Anelli, Antonio"]
[Black "Bielicki, Carlos"]
[Result "1/2-1/2"]
[WhiteElo "2106"]
[BlackElo "2296"]
[PlyCount "141"]
[EventDate "2017.07.10"]
[EventType "swiss"]
[EventRounds "9"]
[EventCountry "ARG"]
[SourceTitle "EXT 2018"]
[Source "ChessBase"]
[SourceDate "2017.10.13"]
[SourceVersion "1"]
[SourceVersionDate "2017.10.13"]
[SourceQuality "1"]

1. d4 Nf6 2. c4 e6 3. Nc3 Bb4 4. Qb3 c5 5. dxc5 Nc6 6. Nf3 Bxc5 7. Bg5 Be7 8. e3 0-0 9. Be2 b6 10. 0-0 Bb7 11. Rfd1 Na5 12. Qa4 Bc6 13. Qc2 Qb8 14. Bxf6 Bxf6 15. b4 Nb7 16. Rac1 a5 17. a3 axb4 18. axb4 Ra3 19. Nd4 Nd6 20. Qb2 Ra7 21. Qd2 Rd8 22. Qc2 g6 23. Bf1 Qa8 24. Nxc6 Qxc6 25. Qd3 Be7 26. g3 Rc7 27. Ne2 Qa4 28. b5 Rxc4 29. Nd4 Rdc8 30. Ra1 Qb4 31. Ra6 Rc3 32. Qb1 Qxb1 33. Rxb1 Bd8 34. Nf3 Kf8 35. Rd1 Ke7 36. Ra7 R3c7 37. Ra6 Rc5 38. Rb1 f6 39. Ra7 R5c7 40. Ra6 Rb8 41. Nd4 Ne4 42. Bg2 Nc5 43. Ra3 e5 44. Nb3 Rbc8 45. Nxc5 Rxc5 46. Rd3 Rc1+ 47. Rd1 Rxd1+ 48. Rxd1 Rc5 49. Bf1 f5 50. Ra1 Rc8 51. Ra7 Ke6 52. Kg2 Be7 53. Rb7 Bc5 54. Bc4+ Kd6 55. Bb3 e4 56. Ra7 Rf8 57. h4 h6 58. Ra1 Ke7 59. Rd1 g5 60. hxg5 hxg5 61. Rh1 f4 62. Rh7+ Kd6 63. gxf4 gxf4 64. exf4 Rxf4 65. Rf7 Rxf7 66. Bxf7 Ke5 67. f3 d5 68. fxe4 Kxe4 69. Kf1 d4 70. Ke2 d3+ 71. Kd1 1/2-1/2

[Event "ARG-ch sf 92nd"]
[Site "Buenos Aires"]
[Date "2017.07.10"]
[Round "1"]
[White "Bielicki, Carlos"]
[Black "Lopez Rebert, Pablo"]
[Result "1-0"]
[WhiteElo "2296"]
[BlackElo "1947"]
[PlyCount "135"]
[EventDate "2017.07.10"]
[EventType "swiss"]
[EventRounds "9"]
[EventCountry "ARG"]
[SourceTitle "EXT 2018"]
[Source "ChessBase"]
[SourceDate "2017.10.13"]
[SourceVersion "1"]
[SourceVersionDate "2017.10.13"]
[SourceQuality "1"]

1. d4 d5 2. Nf3 Nf6 3. c4 c6 4. Nc3 dxc4 5. a4 Bf5 6. e3 Bd3 7. Bxd3 cxd3 8. 0-0 e6 9. Qxd3 Nbd7 10. Rd1 Be7 11. e4 0-0 12. Bg5 Re8 13. Rdc1 h6 14. Bf4 Qb6 15. h3 Rad8 16. Qc2 Bb4 17. Be3 Qa5 18. Na2 Bf8 19. Bf4 Qh5 20. Bg3 Qg6 21. Nc3 a6 22. Bh2 Bb4 23. Re1 c5 24. Bd6 cxd4 25. Bxb4 dxc3 26. Bxc3 e5 27. Rad1 Nh5 28. Kh2 Nf4 29. g3 Qh5 30. Ng1 Ne6 31. Rd5 Nf6 32. Rxd8 Rxd8 33. Kg2 Nd4 34. Bxd4 exd4 35. Qc7 Rd7 36. Qc8+ Kh7 37. e5 Re7 38. Nf3 Ng8 39. g4 Qg6 40. Nxd4 Qb6 41. Nf5 Rc7 42. Qf8 Qc6+ 43. Kg1 Qg6 44. Rd1 f6 45. e6 Rc4 46. f3 Qg5 47. e7 Rc1 48. Qxg8+ Kxg8 49. e8Q+ Kh7 50. Qe2 Rc5 51. Ng3 Rc7 52. Qe4+ g6 53. Kg2 Qc5 54. Re1 Qc2+ 55. Qxc2 Rxc2+ 56. Re2 Rc7 57. h4 Kg7 58. h5 Rd7 59. Kf2 Rc7 60. Rd2 Kf7 61. Ne2 Re7 62. Nf4 gxh5 63. gxh5 Rc7 64. Kg3 f5 65. Rd6 b5 66. axb5 axb5 67. Rd5 Kf6 68. Rxb5 1-0

[Event "ARG-ch 87th"]
[Site "Villa Martelli"]
[Date "2013.04.05"]
[Round "3"]
[White "Villanueva, Mario Nicolas"]
[Black "Bielicki, Carlos"]
[Result "1-0"]
[WhiteElo "2379"]
[BlackElo "2297"]
[PlyCount "76"]
[EventDate "2013.04.03"]
[EventType "swiss"]
[EventRounds "11"]
[EventCountry "ARG"]
[SourceTitle "CBM 153 Extra"]
[Source "ChessBase"]
[SourceDate "2013.04.22"]
[SourceVersion "1"]
[SourceVersionDate "2013.04.22"]
[SourceQuality "1"]

1. e4 e5 2. Nf3 Nc6 3. Bb5 a6 4. Ba4 Nf6 5. 0-0 Be7 6. Re1 b5 7. Bb3 0-0 8. c3 d6 9. d4 Bg4 10. d5 Na5 11. Bc2 c6 12. h3 Bh5 13. dxc6 Qc8 14. Nbd2 Qxc6 15. Nf1 Nc4 16. Ng3 Bg6 17. Nh4 Rfe8 18. Nhf5 Bf8 19. h4 h6 20. Qf3 Re6 21. h5 Bh7 22. a4 Rd8 23. axb5 axb5 24. b3 Nb6 25. Ra6 Ra8 26. Rxa8 Nxa8 27. Bd2 Nc7 28. b4 d5 29. exd5 Qxd5 30. Ne4 Nxe4 31. Qxe4 Qxe4 32. Bxe4 Ra6 33. Bb1 Bd6 34. g4 Kf8 35. Nxd6 Bg8 36. Nf5 f6 37. Be3 Bd5 38. Bc5+ Kf7 1-0

[Event "ARG-ch 87th"]
[Site "Villa Martelli"]
[Date "2013.04.04"]
[Round "2"]
[White "Bielicki, Carlos"]
[Black "Dolezal, Cristian"]
[Result "1/2-1/2"]
[WhiteElo "2297"]
[BlackElo "2415"]
[PlyCount "108"]
[EventDate "2013.04.03"]
[EventType "swiss"]
[EventRounds "11"]
[EventCountry "ARG"]
[SourceTitle "CBM 153 Extra"]
[Source "ChessBase"]
[SourceDate "2013.04.22"]
[SourceVersion "1"]
[SourceVersionDate "2013.04.22"]
[SourceQuality "1"]

1. Nf3 c5 2. c4 g6 3. Nc3 Bg7 4. g3 Nc6 5. Bg2 Nh6 6. 0-0 0-0 7. d3 d6 8. a3 Bd7 9. Bd2 Rb8 10. Rb1 b6 11. b4 Nf5 12. b5 Ncd4 13. Ne1 Ne6 14. a4 Bc8 15. Nd5 Nc7 16. Nc2 e6 17. Nxc7 Qxc7 18. Ne3 Nxe3 19. Bxe3 Bb7 20. Rc1 Bxg2 21. Kxg2 a6 22. Qb3 Ra8 23. Rfd1 axb5 24. axb5 Ra7 25. d4 Rfa8 26. dxc5 dxc5 27. Qd3 Qb7+ 28. Kg1 h5 29. Qd6 Ra2 30. Rd2 R2a4 31. Qf4 Ra1 32. Rdd1 Rxc1 33. Rxc1 e5 34. Qf3 e4 35. Qf4 Rd8 36. Rc2 Rd1+ 37. Kg2 Qa8 38. Rc1 Rd7 39. Rc2 Kh7 40. h3 Qe8 41. g4 hxg4 42. hxg4 Qe6 43. g5 Rd1 44. Qh4+ Kg8 45. Qg3 Be5 46. Bf4 Bxf4 47. Qxf4 Rd4 48. Rc3 e3 49. Qb8+ Kg7 50. Rxe3 Qg4+ 51. Rg3 Qxe2 52. Qxb6 Qe4+ 53. Rf3 Qg4+ 54. Rg3 Qe4+ 1/2-1/2

[Event "Buenos Aires Duchamp Memorial op 4th"]
[Site "Buenos Aires"]
[Date "2012.10.22"]
[Round "1"]
[White "Bielicki, Carlos"]
[Black "Plazaola, Sebastian"]
[Result "1-0"]
[WhiteElo "2314"]
[BlackElo "1922"]
[PlyCount "79"]
[EventDate "2012.10.22"]
[EventType "swiss"]
[EventRounds "9"]
[EventCountry "ARG"]
[SourceTitle "EXT 2013"]
[Source "ChessBase"]
[SourceDate "2012.11.22"]
[SourceVersion "1"]
[SourceVersionDate "2012.11.22"]
[SourceQuality "1"]

1. d4 Nf6 2. Nf3 g6 3. c4 c5 4. Nc3 Bg7 5. d5 d6 6. e4 0-0 7. h3 Nbd7 8. Be2 Ne8 9. 0-0 Nc7 10. Bf4 a6 11. a4 Rb8 12. Qd2 b5 13. cxb5 axb5 14. axb5 Nb6 15. Bh6 Bd7 16. Bxg7 Kxg7 17. b4 c4 18. Nd4 f5 19. Nc6 Bxc6 20. bxc6 fxe4 21. Qd4+ Kg8 22. Qxe4 Rf5 23. Bxc4 Qf8 24. f4 Qf6 25. Rac1 Rf8 26. g3 e5 27. Ne2 Re8 28. Qd3 e4 29. Qd4 Qxd4+ 30. Nxd4 Rh5 31. Nb5 Nxb5 32. Bxb5 Rxd5 33. Bc4 Nxc4 34. Rxc4 Rc8 35. Rfc1 e3 36. Kf1 Rd2 37. R1c2 d5 38. Rc5 Re8 39. Ke1 Rd4 40. c7 1-0

[Event "Buenos Aires Duchamp op 1st"]
[Site "Buenos Aires"]
[Date "2011.09.22"]
[Round "9"]
[White "Bielicki, Carlos"]
[Black "Paternoste, Martin"]
[Result "1-0"]
[WhiteElo "2315"]
[BlackElo "2063"]
[PlyCount "85"]
[EventDate "2011.09.12"]
[EventType "swiss"]
[EventRounds "9"]
[EventCountry "ARG"]
[SourceTitle "EXT 2014"]
[Source "ChessBase"]
[SourceDate "2013.11.20"]
[SourceVersion "1"]
[SourceVersionDate "2013.11.20"]
[SourceQuality "1"]

1. d4 Nf6 2. Nf3 e6 3. c4 b6 4. g3 d5 5. Bg2 Be7 6. 0-0 0-0 7. Nc3 Bb7 8. Ne5 Nbd7 9. Bf4 Nxe5 10. dxe5 Ne4 11. Nxe4 dxe4 12. Qc2 c5 13. Bxe4 Bxe4 14. Qxe4 Qc7 15. Rad1 Rad8 16. h4 h6 17. b3 Rfe8 18. Be3 Bf8 19. h5 Re7 20. Rd3 Rxd3 21. exd3 Rd7 22. Rd1 Qd8 23. Kg2 Be7 24. Kf1 Bg5 25. f4 Be7 26. Ke2 Qe8 27. g4 f5 28. Qf3 fxg4 29. Qxg4 Bf8 30. Rg1 Qf7 31. Qg6 Qf5 32. Qxf5 exf5 33. Rg6 Re7 34. e6 Rc7 35. d4 cxd4 36. Bxd4 Bd6 37. Kf3 Re7 38. Be5 Bxe5 39. fxe5 Re8 40. Kf4 Rd8 41. e7 Rd4+ 42. Kxf5 Kf7 43. Rxg7+ 1-0

[Event "Buenos Aires Duchamp op 1st"]
[Site "Buenos Aires"]
[Date "2011.09.15"]
[Round "4"]
[White "Pierrot, Juan Facundo"]
[Black "Bielicki, Carlos"]
[Result "1/2-1/2"]
[WhiteElo "2454"]
[BlackElo "2315"]
[PlyCount "79"]
[EventDate "2011.09.12"]
[EventType "swiss"]
[EventRounds "9"]
[EventCountry "ARG"]
[SourceTitle "EXT 2014"]
[Source "ChessBase"]
[SourceDate "2013.11.20"]
[SourceVersion "1"]
[SourceVersionDate "2013.11.20"]
[SourceQuality "1"]

1. e4 e5 2. Nf3 Nc6 3. Bb5 a6 4. Ba4 Nf6 5. 0-0 Be7 6. Re1 b5 7. Bb3 d6 8. c3 0-0 9. h3 Nd7 10. d4 Nb6 11. Nbd2 exd4 12. cxd4 Nb4 13. Nf1 c5 14. a3 Nc6 15. Ne3 c4 16. Bc2 a5 17. d5 Ne5 18. Nd4 Bd7 19. Nef5 Re8 20. f4 Ng6 21. Nxe7+ Qxe7 22. Be3 Na4 23. Nf5 Bxf5 24. exf5 Nf8 25. Qd2 Nd7 26. Bd4 Qh4 27. Kh2 Nac5 28. g3 Qd8 29. Rxe8+ Qxe8 30. Re1 Qd8 31. Bc3 a4 32. g4 Qf8 33. g5 Re8 34. f6 Rxe1 35. Qxe1 gxf6 36. Qh4 Nd3 37. Qg4 Nb6 38. gxf6+ Kh8 39. Qf5 h6 40. Bd4 1/2-1/2

[Event "Buenos Aires Bolivar op 4th"]
[Site "Buenos Aires"]
[Date "2011.06.20"]
[Round "6"]
[White "Sirbu, Adrian George"]
[Black "Bielicki, Carlos"]
[Result "0-1"]
[WhiteElo "2175"]
[BlackElo "2333"]
[PlyCount "150"]
[EventDate "2011.06.13"]
[EventType "swiss"]
[EventRounds "9"]
[EventCountry "ARG"]
[SourceTitle "EXT 2014"]
[Source "ChessBase"]
[SourceDate "2013.11.20"]
[SourceVersion "1"]
[SourceVersionDate "2013.11.20"]
[SourceQuality "1"]

1. e4 e5 2. Nf3 Nc6 3. Bc4 Bc5 4. c3 Nf6 5. d3 d6 6. 0-0 0-0 7. Nbd2 a6 8. b4 Ba7 9. Re1 Ne7 10. Nf1 Ng6 11. Be3 h6 12. h3 Re8 13. Qb3 Re7 14. a4 c6 15. Bxa7 Rxa7 16. Qc2 Nf4 17. Ng3 Re8 18. d4 Nh7 19. dxe5 dxe5 20. Bf1 Qf6 21. Nh2 h5 22. Ne2 Nxe2+ 23. Qxe2 g6 24. Qe3 Ra8 25. Nf3 Nf8 26. Rad1 a5 27. b5 Be6 28. Rb1 c5 29. Qxc5 Bxh3 30. Qe3 Bg4 31. Nh2 b6 32. Bc4 Rac8 33. Bd5 Rc5 34. Nf1 Be6 35. c4 Bxd5 36. cxd5 Rec8 37. Rbc1 Nd7 38. Rxc5 Rxc5 39. Rc1 Kg7 40. g3 Qd6 41. Qd2 Rxc1 42. Qxc1 Qc5 43. Qg5 f6 44. Qh4 Qd4 45. Qh3 Nc5 46. Ne3 Nxe4 47. Qd7+ Kh6 48. Qc6 Qd2 49. Qc2 Qxc2 50. Nxc2 Kg7 51. Ne3 Nc3 52. d6 Kf7 53. Kf1 Ke6 54. Nc4 Nxa4 55. Ke1 Nc3 56. Nxb6 Nxb5 57. d7 Ke7 58. Kd2 Nd6 59. Kd3 Kd8 60. Ke3 Kc7 61. Kd3 Nb7 62. Nd5+ Kxd7 63. Nxf6+ Ke6 64. Ne4 Nd6 65. Nc3 g5 66. Ke3 Kf5 67. Kf3 e4+ 68. Ke3 Ke5 69. Na4 Nf5+ 70. Ke2 Nd6 71. f3 exf3+ 72. Kxf3 g4+ 73. Ke3 Nf5+ 74. Kf2 Kd4 75. Nb6 Kc5 0-1

[Event "Buenos Aires Bolivar op 4th"]
[Site "Buenos Aires"]
[Date "2011.06.15"]
[Round "3"]
[White "Bielicki, Carlos"]
[Black "Lemos, Damian"]
[Result "1/2-1/2"]
[WhiteElo "2333"]
[BlackElo "2550"]
[PlyCount "62"]
[EventDate "2011.06.13"]
[EventType "swiss"]
[EventRounds "9"]
[EventCountry "ARG"]
[SourceTitle "EXT 2014"]
[Source "ChessBase"]
[SourceDate "2013.11.20"]
[SourceVersion "1"]
[SourceVersionDate "2013.11.20"]
[SourceQuality "1"]

1. d4 d5 2. c4 c6 3. Nc3 Nf6 4. e3 e6 5. Nf3 Nbd7 6. Qc2 Bd6 7. Be2 0-0 8. 0-0 dxc4 9. Bxc4 b5 10. Be2 Bb7 11. Bd2 Rc8 12. Rac1 a6 13. Ne4 Nxe4 14. Qxe4 Qe7 15. Qh4 Qxh4 16. Nxh4 c5 17. dxc5 Bxc5 18. Bf3 Bxf3 19. Nxf3 Nb6 20. Rc2 Bd6 21. Rfc1 Rxc2 22. Rxc2 Rc8 23. Rxc8+ Nxc8 24. e4 Nb6 25. b3 Nd7 26. Be3 Bc5 27. Bd4 Kf8 28. Kf1 Bd6 29. Ke2 e5 30. Bc3 Ke7 31. Ne1 g6 1/2-1/2

[Event "Buenos Aires-ch qual"]
[Site "Buenos Aires"]
[Date "2006.03.29"]
[Round "9.11"]
[White "Giardelli, Sergio Carlos"]
[Black "Bielicki, Carlos"]
[Result "1/2-1/2"]
[WhiteElo "2418"]
[BlackElo "2300"]
[PlyCount "21"]
[EventDate "2006.03.21"]
[EventType "swiss"]
[EventRounds "9"]
[EventCountry "ARG"]
[SourceTitle "CBM 111 Extra"]
[Source "ChessBase"]
[SourceDate "2006.05.09"]
[SourceVersion "1"]
[SourceVersionDate "2006.05.09"]
[SourceQuality "1"]

1. d4 Nf6 2. Nf3 e6 3. Bf4 c5 4. c3 Nc6 5. e3 Qb6 6. Qb3 cxd4 7. exd4 Be7 8. Qxb6 axb6 9. Bd3 d5 10. 0-0 0-0 11. Nbd2 1/2-1/2

[Event "Buenos Aires-ch qual"]
[Site "Buenos Aires"]
[Date "2006.03.27"]
[Round "8.14"]
[White "Bielicki, Carlos"]
[Black "Kovalyov, Anton"]
[Result "1-0"]
[WhiteElo "2300"]
[BlackElo "2279"]
[PlyCount "75"]
[EventDate "2006.03.21"]
[EventType "swiss"]
[EventRounds "9"]
[EventCountry "ARG"]
[SourceTitle "CBM 111 Extra"]
[Source "ChessBase"]
[SourceDate "2006.05.09"]
[SourceVersion "1"]
[SourceVersionDate "2006.05.09"]
[SourceQuality "1"]

1. Nf3 Nf6 2. c4 c6 3. Nc3 d5 4. e3 Bg4 5. d4 e6 6. h3 Bh5 7. Be2 Nbd7 8. b3 Bd6 9. Bb2 0-0 10. 0-0 Qe7 11. c5 Bc7 12. b4 e5 13. Nxe5 Bxe2 14. Nxe2 Nxe5 15. dxe5 Nd7 16. f4 f6 17. e4 fxe5 18. exd5 exf4 19. d6 Qe3+ 20. Kh2 Bd8 21. Qb3+ Qxb3 22. axb3 b6 23. b5 Nb8 24. Nxf4 bxc5 25. Ne6 Re8 26. Nxd8 Rxd8 27. Rae1 cxb5 28. Re7 Nc6 29. Rxg7+ Kh8 30. b4 Nd4 31. Rg4 h5 32. Rh4 Kh7 33. bxc5 Nc6 34. Rf6 Kg8 35. Rxh5 a5 36. Rg5+ Kh7 37. Rf4 Kh6 38. Bf6 1-0

[Event "Buenos Aires-ch qual"]
[Site "Buenos Aires"]
[Date "2006.03.26"]
[Round "7.6"]
[White "Slipak, Sergio"]
[Black "Bielicki, Carlos"]
[Result "1-0"]
[WhiteElo "2462"]
[BlackElo "2300"]
[PlyCount "61"]
[EventDate "2006.03.21"]
[EventType "swiss"]
[EventRounds "9"]
[EventCountry "ARG"]
[SourceTitle "CBM 111 Extra"]
[Source "ChessBase"]
[SourceDate "2006.05.09"]
[SourceVersion "1"]
[SourceVersionDate "2006.05.09"]
[SourceQuality "1"]

1. d4 Nf6 2. Nf3 e6 3. e3 b6 4. Bd3 Bb7 5. 0-0 Be7 6. b3 0-0 7. Bb2 c5 8. Nbd2 Nc6 9. a3 Rc8 10. Qe2 Re8 11. Rad1 Qc7 12. c4 cxd4 13. exd4 d5 14. Ne5 dxc4 15. Ndxc4 b5 16. Ne3 a6 17. Bb1 Rcd8 18. N5g4 Nb8 19. d5 Nxd5 20. Qd3 Nf6 21. Nxf6+ Bxf6 22. Qxh7+ Kf8 23. Bxf6 gxf6 24. Rde1 Ke7 25. Nf5+ Kd7 26. Qxf7+ Kc8 27. Qxc7+ Kxc7 28. Ng7 Rg8 29. Nxe6+ Kb6 30. Nxd8 Bxg2 31. Bh7 1-0

[Event "Buenos Aires-ch qual"]
[Site "Buenos Aires"]
[Date "2006.03.21"]
[Round "1.30"]
[White "Bielicki, Carlos"]
[Black "Toniutti, Ezio"]
[Result "1-0"]
[WhiteElo "2300"]
[BlackElo "2063"]
[PlyCount "39"]
[EventDate "2006.03.21"]
[EventType "swiss"]
[EventRounds "9"]
[EventCountry "ARG"]
[SourceTitle "CBM 111 Extra"]
[Source "ChessBase"]
[SourceDate "2006.05.09"]
[SourceVersion "1"]
[SourceVersionDate "2006.05.09"]
[SourceQuality "1"]

1. Nf3 Nf6 2. c4 g6 3. Nc3 Bg7 4. e4 d6 5. d4 0-0 6. Be2 Na6 7. 0-0 e5 8. Re1 Qe8 9. Bf1 Bg4 10. d5 Nb4 11. Be2 a5 12. Be3 Bd7 13. Nd2 h6 14. c5 c6 15. Nc4 cxd5 16. exd5 dxc5 17. Bxc5 Bf5 18. Rc1 Ne4 19. Nxe4 Bxe4 20. Nd6 1-0

[Event "American Continental 03rd"]
[Site "Buenos Aires"]
[Date "2005.08.15"]
[Round "10"]
[White "Burijovich, Liliana"]
[Black "Bielicki, Carlos"]
[Result "1/2-1/2"]
[WhiteElo "2211"]
[BlackElo "2307"]
[PlyCount "125"]
[EventDate "2005.08.06"]
[EventType "swiss"]
[EventRounds "11"]
[EventCountry "ARG"]
[SourceTitle "CBM 107 Extra"]
[Source "ChessBase"]
[SourceDate "2005.09.01"]
[SourceVersion "1"]
[SourceVersionDate "2005.09.01"]
[SourceQuality "1"]

1. e4 c5 2. Nf3 Nc6 3. d4 cxd4 4. Nxd4 Qc7 5. Nc3 e6 6. Be2 a6 7. 0-0 Nf6 8. Kh1 Be7 9. f4 d6 10. Be3 0-0 11. Qe1 Nxd4 12. Bxd4 b5 13. a3 Bb7 14. Qg3 Bc6 15. Rae1 Qb7 16. Bf3 Rad8 17. b4 Kh8 18. h4 Rg8 19. h5 h6 20. Qh3 Nh7 21. Rd1 Bf6 22. Qg3 Qc7 23. Qf2 Ba8 24. Rd3 Rc8 25. Rfd1 Qc4 26. e5 Be7 27. Bxa8 Rxa8 28. exd6 Bxd6 29. Ne4 Be7 30. Rc3 Qa2 31. Rb3 Rgd8 32. Ra1 Qxa1+ 33. Bxa1 Rd1+ 34. Kh2 Rxa1 35. Qd4 Re1 36. Rg3 Nf6 37. Nxf6 Bxf6 38. Qd7 Kg8 39. Qb7 Rd8 40. Rd3 Re8 41. Qc6 Kf8 42. Qxa6 e5 43. Qxb5 exf4 44. Qc5+ Kg8 45. Qd5 R1e5 46. Qf3 Re3 47. Qc6 R3e5 48. Rd5 R5e6 49. Rd6 Re3 50. Rxf6 gxf6 51. Qxf6 R8e6 52. Qxf4 Rxa3 53. c4 Rae3 54. b5 R3e5 55. Qf3 Rc5 56. Qg4+ Kf8 57. g3 Ke7 58. Kh3 Rg5 59. Qf3 Rc5 60. Qb7+ Kf6 61. Qf3+ Ke7 62. Qb7+ Kf6 63. Qf3+ 1/2-1/2